Normal view
MARC view
- أنظمة وقوانين
Entry Topical Term
001 - CONTROL NUMBER
- control field: 45309
003 - CONTROL NUMBER IDENTIFIER
- control field: JO-AjAnu
005 - DATE AND TIME OF LATEST TRANSACTION
- control field: 20230606081509.0
008 - FIXED-LENGTH DATA ELEMENTS
- fixed length control field: 230606|| aca||aabn | a|a d
040 ## - CATALOGING SOURCE
- Original cataloging agency: JO-AjAnu
- Transcribing agency: JO-AjAnu
150 ## - HEADING--TOPICAL TERM
- Topical term or geographic name entry element: أنظمة وقوانين
670 ## - SOURCE DATA FOUND
- Source citation: Work cat.: (JO-AjAnu)23198: الهنداوي،ناصر معد/المومني، إنتصار معدة, author 45308, مجموعة التشريعات القوانين والأنظمة والتعليمات:وزارة التعليم العالي والبحث العلمي